Lecciones sobre la estética

Bewaard in:
Bibliografische gegevens
Hoofdauteur: Hegel, Georg Wilhelm Friedrich (autor)
Formaat: Boek
Taal:Spaans
Gepubliceerd in: Madrid Akal 1989
Editie:1a. ed
Reeks:Colección Arte y Estética, 73
Onderwerpen:
Tags: Voeg label toe
Geen labels, Wees de eerste die dit record labelt!

MARC

LEADER 00000cam a2200000 a 4500
001 UCP3657
003 CL-VaPUC
008 990702e19890000SP |||||||||||||||||spa|d
020 |a 9788446028239 
082 0 4 |a 701.17  |b HEG  |2 21 
100 |a Hegel, Georg Wilhelm Friedrich  |e autor  |9 580639 
245 1 0 |a Lecciones sobre la estética 
250 |a 1a. ed 
300 |a 933 p 
942 |c BK 
945 |d 19990702 00:00:00  |a vberengu 
260 |a Madrid  |b Akal  |c 1989 
650 0 |a Filosofía del arte  |9 264951 
650 0 |a Estética   |9 264950 
650 0 |a Simbolismo  |9 267046 
650 0 |a Arte griego  |9 267884 
650 0 |a Arte clásico   |9 341004 
650 0 |a Arte religioso  |9 330545 
650 0 |a Arquitectura  |9 804558 
650 0 |a Escultura  |9 265737 
650 0 |a Pintura  |9 265046 
650 0 |a Idealismo  |9 265685 
583 |a last modification  |c 20160404 11:14:00  |k Rodrigo Vera 
490 0 |a Colección Arte y Estética, 73 
999 |c 281918  |d 281916 
952 |0 0  |1 0  |3 erb  |4 0  |6 701_170000000000000_HEG_1989  |7 0  |8 R  |9 323074  |a BIBEDU  |b BIBEDU  |c MCIRC  |i 524675K  |l 1  |o 701.17 HEG 1989  |p 524675K  |r 2023-01-13  |s 2022-06-30  |w 2019-11-20  |y BK_R  |z Catalogado en:20151106  |k LIT 
952 |0 0  |1 0  |3 erb  |4 0  |6 701_170000000000000_HEG_1989  |7 0  |8 A  |9 323075  |a BIBARQ  |b BIBARQ  |i 5418283  |l 6  |m 1  |o 701.17 HEG 1989  |p 5418283  |r 2025-01-20  |s 2022-12-07  |w 2019-11-20  |y BK  |z Catalogado en:20170825  |k ARQ